01200cam a2200277 a 450000500170000000800410001702000150005805000260007305000260009910000300012524501050015525000110026026000500027130000280032150400280034965000320037770000420040970000320045170000340048370000450051770000500056294200130061299900170062595201390064295201410078120230811095426.0041022s1994 mx a 000 0 spa u a968700942X00aHD1471 .M4 bR45 199404aHD1471 .M6 bR46 19941 aRendón Garcini, Ricardo10aHaciendas de México b / Ricardo Rendón Garcini; fotografía Jorge Contreras Chacel...[et al.]. a1a ed. aMéxico :bFomento Cultural Banamex, c1994. a382 p. :bil. ;c33 cm. aBibliografía : p. 375 72lembaHaciendas zMéxico 1 aContreras Chacel, Jorge,efotógrafo1 aDoniz, Rafael,efotógrafo1 aDosal, Herminia,efotógrafo1 aGonzález de Alba, Arturo,efotógrafo1 aGonzález Manterola, José I.,efotógrafo 2lcccLIB c65704d65704 102lcc4070aINV-033bINV-033cGENERALd2018-08-20f1a ed. iHkCSAoHD1471 .M4 R45 1994pIIH000024685r2018-08-20 00:00:00tC:1yLIB 102lcc4070aLIC-018bLIC-018cGENERALd2023-08-11f1a ed.kCSAl0oHD1471.M6 R46 1994pBFA000006088r2023-08-11 00:00:00t1v1.00yLIB